000 00622nam a22002177a 4500
003 UA-OsUOA
001 120122
007 ta
008 20161208b un ||||| |||| 00| 0 ukr d
100 _aКудряшов В.П.
090 _a330(477)
_bК88
942 _cSA
040 _aUA-OsUOA
_bukr
_cUA-OsUOA
_dUA-OsUOA
245 _aРекомендації МВФ з питань фіскальної політики та їх урахування в Україні
300 _aС.3-20
955 _a0
041 _aukr
080 _a330(477)
773 0 _w120121
650 7 _a330 Економіка взагалі
_2UDC
999 _c406247
_d406247